00838nam a2200181 a 450000100100000000500170001000800410002702000150006804000250008310000240010824501780013226001200031030000280043049000360045850400730049471000530056783000360062000004103220201002034551.0130913s1986 sp 001 0 spa d a8400062434 aDO-SdBNPbspacBNPHU1 aRiera Melis, Antoni13aLa corona de Aragon y el Reino de mallorca en el primer cuarto del siglo catorce :bLas repercucines arancelarias de la autonomía balear (1298-1311) /cAntoni Riera Melis. aMadrid :bConsejo Superior de Invesigaciones Científicas:bUnidad de Investigación de Historia Medieval,c1986. a359 p. :bil. ;c27 cm.1 aAnuarios de Estudiosaanejov14 aIncluye referencias bibliográficas y notas al pie de las páginas2 aConsejo Superior de Invesigaciones Científicas 0aAnuarios de Estudiospanejon14